A diák örömmel megy ki felelni az ilyen modern táblához a köbölkúti alapiskola élen jár az információs-kommunikációs technika alkalmazásában

Bibliographic Details
Main Author: Bokor, Klára (Author)
Format: Article
Language:Hungarian
PhysicalDescription:Fotogr.
ISSN:1335-7050
Subjects:

MARC

LEADER 00000nab a2200000 a 4500
001 vtls009303207
003 SK-MaSNL
005 20260319070706.0
008 080612 20080612xo | || | |00 0 hun|
038 |a NZKAB 
040 |a NZKAB  |b slo  |c NZKAB  |e AACR2 
041 0 |a hun 
044 |a xo  |c SK 
080 |a 37  |2 1997 
100 1 |a Bokor, Klára,  |4 aut  |9 857562 
245 1 0 |a A diák örömmel megy ki felelni az ilyen modern táblához  |b a köbölkúti alapiskola élen jár az információs-kommunikációs technika alkalmazásában  |c Bokor Klára 
300 |b Fotogr. 
610 2 7 |a Základná škola Jánosa Stampayho (Gbelce, Slovensko)  |2 nzkab  |9 1042459 
648 7 |a 2008  |2 nzkab  |9 317238 
650 0 7 |a vzdelávanie detí  |x moderné technológie  |2 nzkab  |9 1042460 
650 0 7 |a interaktívne školské tabule  |x využívanie v praxi  |2 nzkab  |9 1042461 
651 7 |a Gbelce (Slovensko)  |2 nzkab  |9 20252 
773 0 |t Új Szó  |g Évf. 61, sz. 136 (12.6.2008)  |x 1335-7050 
773 0 8 |i Príl.:  |t Iskola utca  |g 5 o. 11 
852 |a NZKAB  |b KIS3GCP 
958 |a RG 
999 |c 1713541  |d 1715471